LEADER 00732oam 2200217z- 450 001 996280246603316 010 $a1-4799-6278-3 035 $a(CKB)3780000000082541 035 $a(EXLCZ)993780000000082541 100 $a20220628c2014uuuu -u- - 101 0 $aeng 200 00$aComputer-Aided Design (ICCAD), 2014 IEEE/ACM International Conference on 210 $cIEEE 311 $a1-4799-6279-1 517 $a2014 IEEE/ACM International Conference on Computer-Aided Design (ICCAD) 517 $a2014 IEEE/ACM International Conference on Computer-Aided Design 517 $aComputer-Aided Design 906 $aPROCEEDING 912 $a996280246603316 996 $aComputer-Aided Design (ICCAD), 2014 IEEE$92525118 997 $aUNISA LEADER 03860nam 22006971c 450 001 9910963981803321 005 20200115203623.0 010 $a9781281357229 010 $a1281357227 010 $a9781472560155 010 $a1472560159 010 $a9781847313928 010 $a1847313922 024 7 $a10.5040/9781472560155 035 $a(CKB)1000000000408607 035 $a(EBL)343081 035 $a(OCoLC)476157507 035 $a(MiAaPQ)EBC1772850 035 $a(MiAaPQ)EBC343081 035 $a(Au-PeEL)EBL1772850 035 $a(CaPaEBR)ebr10913747 035 $a(CaONFJC)MIL135722 035 $a(OCoLC)232956829 035 $a(UtOrBLW)bpp09256140 035 $a(Au-PeEL)EBL343081 035 $a(UtOrBLW)BP9781472560155BC 035 $a(EXLCZ)991000000000408607 100 $a20140929d2007 uy 0 101 0 $aeng 135 $aur|n|---||||| 181 $2rdacontent 182 $2rdamedia 183 $2rdacarrier 200 10$aAnswering for crime $eresponsibility and liability in the criminal law $fR. A. Duff 205 $a1st ed. 210 1$aOxford $aPortland, Oregon $cHart Publishing $d2007. 215 $a1 online resource (342 p.) 225 1 $aLegal theory today 300 $aDescription based upon print version of record. 311 08$a9781849460330 311 08$a1849460337 311 08$a9781841137537 311 08$a1841137537 320 $aIncludes bibliographical references (pages 299-316) and index 327 $aINTRODUCTION -- 1. RESPONSIBILITY AND LIABILITY -- 2. CRIMINALLY RESPONSIBLE AS WHAT, TO WHOM? -- 3. RESPONSIBLE FOR WHAT? -- 4. CRIMINALLY RESPONSIBLE FOR WHAT? (1) CRIMES AS WRONGS -- 5. CRIMINALLY RESPONSIBLE FOR WHAT? (2) ACTION AND CRIME -- 6. CRIMINALLY RESPONSIBLE FOR WHAT? (3) HARMS, WRONGS AND CRIMES -- 7. STRUCTURES OF CRIME: ATTACKS AND NDANGERMENTS -- 8. ANSWERING AND REFUSING TO ANSWER -- 9. OFFENCES, DEFENCES AND THE PRESUMPTION OF INNOCENCE -- 10. STRICT LIABILITY AND STRICT RESPONSIBILITY -- 11. UNDERSTANDING DEFENCES 330 8 $aIn this long-awaited book, Antony Duff offers a new perspective on the structures of criminal law and criminal liability. His starting point is a distinction between responsibility (understood as answerability) and liability, and a conception of responsibility as relational and practice-based. This focus on responsibility, as a matter of being answerable to those who have the standing to call one to account, throws new light on a range of questions in criminal law theory: on the question of criminalisation, which can now be cast as the question of what we should have to answer for, and to whom, under the threat of criminal conviction and punishment; on questions about the criminal trial, as a process through which defendants are called to answer, and about the conditions (bars to trial) given which a trial would be illegitimate; on questions about the structure of offences, the distinction between offences and defences, and the phenomena of strict liability and strict responsibility; and on questions about the structures of criminal defences. The net result is not a theory of criminal law; but it is an account of the structure of criminal law as an institution through which a liberal polity defines a realm of public wrongdoing, and calls those who perpetrate (or are accused of perpetrating) such wrongs to account 410 0$aLegal theory today. 606 $aCriminal law$xPhilosophy 606 $2Criminal law & procedure 606 $aCriminal liability 615 0$aCriminal law$xPhilosophy. 615 0$aCriminal liability. 676 $a345.0401 700 $aDuff$b Antony$01788345 801 0$bUtOrBLW 801 1$bUtOrBLW 801 2$bUkLoBP 906 $aBOOK 912 $a9910963981803321 996 $aAnswering for crime$94339913 997 $aUNINA LEADER 08162nam 22006975 450 001 9910760250403321 005 20260119134929.0 010 $a9783031195983 010 $a3031195981 024 7 $a10.1007/978-3-031-19598-3 035 $a(MiAaPQ)EBC30876543 035 $a(Au-PeEL)EBL30876543 035 $a(DE-He213)978-3-031-19598-3 035 $a(CKB)28805084100041 035 $a(OCoLC)1409028158 035 $a(EXLCZ)9928805084100041 100 $a20231108d2023 u| 0 101 0 $aeng 135 $aurcnu|||||||| 181 $ctxt$2rdacontent 182 $cc$2rdamedia 183 $acr$2rdacarrier 200 10$aFemale Genitourinary and Pelvic Floor Reconstruction /$fedited by Francisco E. Martins, Henriette Veiby Holm, Jaspreet S. Sandhu, Kurt A McCammon 205 $a1st ed. 2023. 210 1$aCham :$cSpringer International Publishing :$cImprint: Springer,$d2023. 215 $a1 online resource (1267 pages) 311 08$aPrint version: Martins, Francisco E. Female Genitourinary and Pelvic Floor Reconstruction Cham : Springer International Publishing AG,c2023 9783031195976 327 $aHistory, Basic Science And Epidemiology -- Historical Milestones In Female Genitourinary And Pelvic Floor Reconstructive Surgery -- Embryology And Development Of Congenital Anomalies Of The Pelvis And Female Pelvic Organs -- Neuroanatomy And Neurophysiology -- Pathophysiology Of The Female Voiding Disorders -- Epidemiology And Socioeconomic Impact Of Female Gu And Pelvic Floor Disorders -- Measurement Of Urinary Symptoms, Health-Related Quality Of Life, And Outcomes Of Treatment Of Genitourinary And Pelvic Floor Disorders -- Diagnostic Evaluation -- Clinical Evaluation Of Female Lower Urinary Tract And Pelvic Floor -- Imaging Of The Female Gu Tract And Pelvic Floor (Will Include Pelvic Us, Ct, Mri, Etc) -- Electrophysiologic Evaluation Of The Female Pelvic Floor Disorders -- Urodynamic Evaluation: Traditional, Video, And Ambulatory Approaches -- Endoscopic Evaluation -- Bladder Filling And Emptying Disorders -- Overview Of Diagnosis And Treatment Of Overactive And Underactive/Sensitive Bladder Disorders -- Behavioral Modification And Conservative Management Of Overactive And Underactive/Sensitive Bladder Disorders -- Pharmacologic Treatment Of Overactive And Underactive/Sensitive Bladder Disorders -- Neuromodulation For Overactive And Underactive/Sensitive Bladder And Pelvic Floor Dysfunction: Sacral Interstim®, Posterior Tibial Nerve Stimulation And Pudendal Nerve Stimulation -- Voiding Dysfunction After Female Genitourinary And Pelvic Surgery -- Idiopathic Urinary Retention In The Female -- Bladder Augmentation And Urinary Diversion -- Overview Of Pathophysiology And Diagnostic Evaluation Of Stress Urinary Incontinence -- Pelvic Floor Rehabilitation And Other Nonsurgical Management Modalities -- Retropubic Suspension Operations For Stress Urinary Incontinence -- Sling Operations For Stress Urinary Incontinence And Their Historical Evolution: Autologous, Cadaveric, And Synthetic Slings -- Complications Of Stress Urinary Incontinence Surgery -- Artificial Urinary Sphincter For Female Stress Urinary Incontinence -- Urethral Bulking Agent Injectables -- Burch Colposuspension: Laparoscopic And Robotic -- Management Of Urinary Incontinence In The Female Neurologic Patient -- Stem Cell And Tissue Engineering In Female Urinary Incontinence -- Pelvic Organ Prolapse -- Overview Of Etiology Workup And Management Of Pelvic Organ Prolapse -- Transvaginal Repair Of Cystocele -- Open Abdominal Repair Of Cystocele -- Minimally Invasive Approaches: Laparoscopic And Robotic -- Complications Of The Use Of Synthetic Mesh Materials In Stress Urinary Incontinence And Pelvic Organ Prolapse -- Surgical Repair Of Vaginal Vault Prolapse: Sacrospinous Ligament Fixation, Use Of Synthetic Mesh, Uterosacral Vault Fixation -- Role Of Vaginal Hysterectomy In The Treatment Of Vaginal Vault Prolapse -- Minimally Invasive Sacrocolpopexy -- Open Abdominal Sacral Colpopexy -- Use Of Mesh In Posterior Vaginal Vault Prolapse Repair -- Complications Of Vagina Reconstructive Surgery -- Urethral Reconstruction: Fistulae, Diverticula And Strictures -- Overview, Epidemiology And Etiopathogenetic Differences In Gu Fistula Between Developed And Developing Worlds -- Urethrovaginal Fistula Repair -- Reconstruction Of The Absent Or Severely Damaged Urethra -- Vesicovaginal Fistula Repair: Abdominal Approach -- Vesicovaginal Fistula Repair: Vaginal Approach -- Rectovaginal Fistula Repair -- Ureterovaginal Fistula Repair -- Surgical Reconstruction Of Urethral Stricture (Non-Pfui) -- Surgical Reconstruction Of Pelvic Urethral Fracture Injury In The Female -- Urethral Diverticula Repair -- Ureteral Reconstruction -- Surgical Reconstruction Of Ureteral Defects: Strictures, External Trauma, Iatrogenic And Radiation-Induced Injuries -- Techniques Of Ureteral Reimplantation -- Pelvic Pain, Irritative Voiding Disorders And Female Sexual Dysfunction -- Pathophysiology Of Pelvic Pain -- Painful Bladder Syndrome And Interstitial Cystitis -- Female Sexual Dysfunction -- Fecal Incontinence And Defecatory Dysfunction -- Pathophysiology, Diagnosis, And Treatment Of Defecatory Dysfunction -- Management Of Fecal Incontinence, Constipation And Rectal Prolapse -- Use Of Bowel In Genitourinary And Pelvic Reconstruction And Other Complex Scenarios -- Overview Of The Indications And Use Of Bowel In Female Lower Urinary Tract Reconstruction -- Options For Reconstruction Of The Heavily Irradiated Pelvis -- Complications After Female Neobladder And Continent Cutaneous Diversion -- Genitourinary And Pelvic Trauma: Iatrogenic And Violent Causes (War And Civil Causes) -- Surgical Reconstruction Of Obstetric And Pelvic Iatrogenic Trauma -- Surgical Reconstruction Of Pelvic Violent Trauma (War And Civil) -- Female Genital Mutilation -- Vaginoplasty And Neovagina Construction In Congenital Defects, Trauma And Gender Affirming Surgery -- (Neo)Vaginoplasty In Female Pelvic Congenital Anomalies -- Genital Reconstruction In Male-To-Female Gender Affirmation Surgery -- Complications Of Gender-Affirming Surgery -- Female Genital Cosmetic Surgery. . 330 $aThis book provides a comprehensive guide to the latest techniques in female genitourinary and pelvic floor disorders. It features detailed insight into these conditions along with detailed descriptions of how treatment has changed in recent times for these disorders. The latest methodologies for pharmacological treatment, conservative therapy, surgical techniques, and how to avoid potential complications are discussed. Topics including relevant neurophysiology, measurement of urinary symptoms, pelvic organ prolapse and ureteral reconstruction are covered. Female Genitourinary and Pelvic Floor Reconstruction is a detailed resource detailing the latest developments in the field, making it an ideal resource for all clinicians who encounter these patients in their daily practice. . 606 $aGenitourinary organs$xSurgery 606 $aUrology 606 $aUrological Surgery 606 $aUrology 606 $aAparell genitourinari$2thub 606 $aMalalties de l'aparell genitourinari$2thub 606 $aSòl pelvià$2thub 606 $aCirurgia ginecològica$2thub 606 $aCirurgia urològica$2thub 608 $aLlibres electrònics$2thub 615 0$aGenitourinary organs$xSurgery. 615 0$aUrology. 615 14$aUrological Surgery. 615 24$aUrology. 615 7$aAparell genitourinari 615 7$aMalalties de l'aparell genitourinari 615 7$aSòl pelvià 615 7$aCirurgia ginecològica 615 7$aCirurgia urològica 676 $a617.46059 676 $a617.46059 700 $aMartins$b Francisco E$01437350 701 $aHolm$b Henriette Veiby$01437351 701 $aSandhu$b Jaspreet S$01437352 701 $aMcCammon$b Kurt A$01437353 801 0$bMiAaPQ 801 1$bMiAaPQ 801 2$bMiAaPQ 906 $aBOOK 912 $a9910760250403321 996 $aFemale Genitourinary and Pelvic Floor Reconstruction$93598017 997 $aUNINA